|
|
|
|
| LEADER |
00000nam a22000007a 4500 |
| 005 |
20200420162116.0 |
| 007 |
cr|||| |||| |
| 008 |
200420s2019 br |||||s|||| 00||0 por d |
| 020 |
|
|
|a 978-85-7456-378-7
|
| 035 |
|
|
|a 31269
|
| 040 |
|
|
|a vLex
|
| 090 |
|
|
|c 10282
|d 10282
|
| 100 |
1 |
|
|a Ferreira Gomide, Tito Lv̕io
|
| 245 |
1 |
0 |
|a Engenharia legal 6
|h [Recurso electrn̤ico] /
|c Tito Lv̕io Ferreira Gomide, Stella Marys Della Flora
|
| 256 |
|
|
|a Servicio en ln̕ea
|
| 260 |
|
|
|a San Pablo:
|b LEUD - Livraria e Editora Universitr̀ia de Direito,
|c 2019
|
| 300 |
|
|
|a 1 recurso electrn̤ico
|
| 500 |
|
|
|a O sexto volume dessa sřie possui novidades, a principal delas representada pela participaȯ̂ da Engenheira Stella Marys Della Flora como coautora de artigos e laudos, bem como a inclusô de comentr̀ios ao recente estudo de norma de Inspeȯ̂ Predial da ABNT e a apresentaȯ̂ de diretrizes sobre a realizaȯ̂ de vistorias de vizinhanȧ. H,̀ tambm̌, capt̕ulo com as diretrizes tčnicas adotadas pelos autores nos seus trabalhos tčnicos e laudos do Gabinete de Perc̕ias Gomide. Como as verse̳s anteriores, os principais temas tratados no livro envolvem a Inspeȯ̂ Predial, a Engenharia Diagns̤tica e as Perc̕ias Judiciais, sempre com inovaė̳s e muita criatividade, que sô as caracters̕ticas intrn̕secas dos autores. Portanto, trata-se de obra importante aos profissionais da Engenharia Legal e Diagns̤tica, peritos judiciais, inspetores prediais e operadores do Direito.
|
| 506 |
1 |
|
|a Disponible solo en los productos indicados
|d vLex Global
|d vLex Global (Academic Edition, excluding Law Schools)
|d vLex Global (U.S. Academic Edition, Law Schools)
|d vLex Global (U.S. Academic Edition, excluding Law Schools)
|d vLex Global (Academic Edition, Law Schools)
|
| 650 |
0 |
4 |
|a Derecho Pb︢lico y Administrativo
|z Brasil
|
| 740 |
0 |
|
|a vLex Libros (Servicio en ln̕ea)
|
| 856 |
4 |
0 |
|u http://vlex.com/source/engenharia-legal-6-31269
|z Acceso restringido
|
| 942 |
|
|
|c BOOK
|
| 999 |
0 |
|
|a Public and Administrative Law
|